000 00452nam a22001577a 4500
003 OSt
005 20240403163659.0
008 240403b |||||||| |||| 00| 0 eng d
040 _cCentral Library MRSPTU
100 _aLala Haradyal (ਲਾਲ ਹਰਦਿਆਲ)
245 _aSwei-Vikas Da Marg (ਸਵੈ ਵਿਕਾਸ ਦਾ ਮਾਰਗ)
250 _a2nd
260 _aSirhind
_bLokgeet Publication
_c1996
300 _a258
942 _2ddc
_cBK
_n0
999 _c9981
_d9981